Wholesale payments and financial discipline, efficiency, and liquidity

Salvato in:
Dettagli Bibliografici
Autore principale: Folkerts-Landau, David
Natura: Libro
Lingua:inglese
Pubblicazione: Washington International Monetary Fund 1997
Serie:IMF Working paper WP/97/154
Soggetti:
Tags: Aggiungi Tag
Nessun Tag, puoi essere il primo ad aggiungerne!!

MARC

LEADER 00000nam a2200000 4500
001 c100714
005 20221124075037.6
041 0 |a eng 
044 |a US 
245 1 0 |a Wholesale payments and financial discipline, efficiency, and liquidity  |c Prepared by David Folkerts-Landau 
264 1 |a Washington  |b International Monetary Fund  |c 1997 
300 |a 27 s. 
490 1 |a IMF Working paper  |v WP/97/154 
830 0 |a IMF Working paper  |v WP/97/154 
610 2 0 |a politika peňažná 
610 2 0 |a platby obchodné 
610 2 0 |a bankovníctvo 
610 2 0 |a reformy 
610 2 0 |a náklady 
610 2 0 |a likvidita 
610 2 0 |a trh finančný 
100 1 |a Folkerts-Landau, David